000 00479nam a2200181Ia 4500
008 220531s9999 xx 000 0 und d
041 _aeng
082 _bBUS / KHE
100 _aKhedkar, B. D. and others
_984237
245 _aBusiness Economics (Macro)
250 _a1ST
260 _aPune
_bSuccess
_c2014
300 _a8.55
542 _d09-10-2018
650 _aEconomics
_984238
906 _cS.Y.B.Com.
_d2018-2019
_eElantas Beck Co.
_f14572
999 _c46363
_d46363